01240cam a22003257a 450000100090000000300040000900500170001300600190003000700150004900800410006402000180010502000150012303500260013804000470016405000250021108200170023610000220025321000390027524501000031426000670041449000330048150400520051450600430056665000400060965000360064970000340068577300330071983000460075285601160079810547996OSt20150408114205.0m d cr n 130305s2013 dcua sb 000 0 eng d a9780883857816 a0883857812 a(WaSeSS)ssj0000981959 aYDXCPcYDXCPdBTCTAdMRBdIADdDLCdWaSeSS 4aQA303.2b.K5963 2013 223a515bKSP1 aKlymchuk, Sergiy.10aParadoxes and sophisms in calculus10aParadoxes and sophisms in calculush[electronic resource] /cSergiy Klymchuk and Susan Staples. aWashington, DC :bMathematical Association of America,cc2013.1 aClassroom resource materials aIncludes bibliographical references (p. 95-96). aLicense restrictions may limit access. 0aCalculusvProblems, exercises, etc. 0aParadoxesxMathematical models.1 aStaples, Susanq(Susan Grace) 0tUniversity Publishing Online 0aClassroom resource materials (Unnumbered)40uhttp://www.columbia.edu/cgi-bin/cul/resolve?clio10547996zFull text available from University Publishing Online